• 首页
  • 本馆介绍
  • 公告通知
  • 最新文献
  • 馆藏检索
  • 电子资源
  • 读者导购
  • 参考咨询
  • 我的图书馆
  • 登录
  • 详细信息显示
  • 放入我的书架
  • 预约/预借图书
  • 作者相关作品
  • 分类相关作品
  • 丛书相关作品
  • 出版社相关作品

书目信息

  • 表格格式
  • 工作单格式
  • 卡片格式
题名:
八大科学技术领域
    
 
作者: 张孟军 , 张正伦 著 ;中国科学技术情报研究所 编辑
分册:  
出版信息: 北京   科学技术文献出版社  1979
页数: 40页
开本: 19cm
丛书名:
单 册:
中图分类: N11 , G3-49
科图分类:
主题词: 科学技术--概况--世界
电子资源:
ISBN:
000 00849nam0 2200277 45
001 0179007054
005 20040505163416.8
010    @dCNY0.15
091    @a17176.199
100    @a19950814d1979 em y0chiy0121 ea
101 0  @achi
102    @aCN@b110000
105    @ay z 000yy
106    @ar
200 10 @a八大科学技术领域@Aba da ke xue ji shu ling yu@f张孟军,张正伦著@g中国科学技术情报研究所编辑
210    @a北京@c科学技术文献出版社@d1979
215    @a40页@d19cm
300    @a科技情报工作学术讲座之四
606    @a科学技术@x概况@y世界
690    @aN11@v3 
690    @aG3-49
701  0 @a张孟军@Azhang meng jun@4著
701  0 @a张正伦@Azhang zheng lun@4著
712 02 @a中国科学技术情报研究所@Azhong guo ke xue ji shu qing bao yan jiu suo@4编辑
801  0 @aCN@bNLC@c20040505
905    @f2@b25533-534@f3@b25525-527@dG3-49@e4:4
    
    八大科学技术领域/张孟军,张正伦著/中国科学技术情报研究所编辑.-北京:科学技术文献出版社,1979
    40页;19cm
    科技情报工作学术讲座之四
    
    ISBN :CNY0.15
    
●
相关链接 在E读中查询图书 在五车中查询图书 在当当中查询图书 在豆瓣中查询图书


正题名:八大科学技术领域     索取号:G3-49/4:4         预约/预借

序号 登录号 条形码 馆藏地/架位号 状态 备注
1 0025525   000988890   密集书库/ [索取号:G3-49/4:4] 在馆    
2 0025526   000988916   密集书库/ [索取号:G3-49/4:4] 在馆    
3 0025527   000988907   密集书库/ [索取号:G3-49/4:4] 在馆    
4 0025533   000988925   密集书库/ [索取号:G3-49/4:4] 在馆    
5 0025534   000988961   第一样本阅览室/ [索取号:G3-49/4:4] 在馆    
唐山师范学院图书馆 欢迎您!
大连网信软件有限公司© 版权所有